| 000 | 01134nam0a22002771 4500 | ||
|---|---|---|---|
| 001 | rc\2790635 | ||
| 005 | 20260408063206.0 | ||
| 035 | _a(NLR Aleph) 006916752 | ||
| 090 |
_a7404144 _c7404144 |
||
| 100 | _a20110915d1935 |||y0rusy50 ca | ||
| 101 | 0 | _arus | |
| 102 | _aRU | ||
| 105 | _ac z ||||| | ||
| 200 | 1 |
_aПолитический отчет Центрального Комитета XVI Съезду ВКП(б) _eДоклад и заключительное слово 27 июня - 2 июля 1930 г. |
|
| 210 |
_a[Москва] _cПартиздат _d1935 |
||
| 215 |
_a352 с., 1 портр. _d12 см. |
||
| 225 | 1 |
_aБиблиотечка отдельных работ И. В. Сталина _v№ 6 |
|
| 300 | _aБиблиотечка заключена в издательскую коробку | ||
| 700 | 1 |
_aСталин _bИ.В. _gИосиф Виссарионович |
|
| 712 | 0 | 2 |
_aВКП(б) _bСъезд _d16 _f1930 _eМосква |
| 712 | 0 | 2 |
_aВКП(б) _bЦК _3RU\NLR\AUTH\8810033047 _9564630 |
| 801 | 0 |
_aRU _bNLR _gpsbo |
|
| 801 | 1 |
_aRU _bELAR _2rusmarc |
|
| 852 |
_aNLR _jС 1-30/4-4 |
||
| 942 | _cBOOK | ||
| 980 | _aNB | ||